• 首页
  • 本馆介绍
  • 公告通知
  • 最新文献
  • 馆藏检索
  • 电子资源
  • 读者导购
  • 参考咨询
  • 我的图书馆
  • 登录
  • 详细信息显示
  • 放入我的书架
  • 预约/预借图书
  • 作者相关作品
  • 分类相关作品
  • 丛书相关作品
  • 出版社相关作品

书目信息

  • 表格格式
  • 工作单格式
  • 卡片格式
题名:
癌症早期十大警号
    
 
作者: 李保荣 著
分册:  
出版信息: 北京   科学普及出版社  1984
页数: 136页
开本: 19cm
丛书名:
单 册:
中图分类: R73
科图分类:
主题词: 肿瘤学 , 肿瘤--预防
电子资源:
ISBN:
000 00635nam0 2200241 45
001 0184009687
005 20060523093925.79
010    @dCNY0.58
091    @a14051.1047
100    @a19950112d1984 em y0chiy0121 ea
101 0  @achi
102    @aCN@b110000
105    @ay z 000yy
200 10 @a癌症早期十大警号@Aai zheng zao qi shi da jing hao@f李保荣著@Fli bao rong zhu
210    @a北京@c科学普及出版社@d1984
215    @a136页@d19cm
606 0  @a肿瘤学
606    @a肿瘤@x预防
690    @aR73@v3
701  0 @a李保荣@Ali bao rong@4著
801  2 @aCN@bNLC@c20060523
801  0 @aCN@b上海图书馆@c20040524
905    @dR73@e8
    
    癌症早期十大警号/李保荣著.-北京:科学普及出版社,1984
    136页;19cm
    
    
    ISBN :CNY0.58
    
●
相关链接 在E读中查询图书 在五车中查询图书 在当当中查询图书 在豆瓣中查询图书


正题名:癌症早期十大警号     索取号:R73/8         预约/预借

序号 登录号 条形码 馆藏地/架位号 状态 备注
1 0127925   000715756   第三借阅区/ [索取号:R73/8] 在馆    
2 0127926   000715747   第三借阅区/ [索取号:R73/8] 在馆    
3 0127927   000715738   第二样本阅览室/ [索取号:R73/8] 在馆    
4 0127928   000715765   第三借阅区/ [索取号:R73/8] 在馆    
5 0127929   202391946   密集书库/ [索取号:R73/8] 在馆    
唐山师范学院图书馆 欢迎您!
大连网信软件有限公司© 版权所有